000 00652nam a2200193Ia 4500
008 240729s9999 xx 000 0 und d
022 _a2752-7603
245 0 _aEuropean Journal of Mathematics and Applications
260 _aUnited Kingdom
260 _bResearch Group on Mathematical Applications and Modelling (RGMAM)
650 _a Applied mathematics. Quantitative methods
650 _a Industrial engineering. Management engineering
650 _a Mathematics | Technology
650 _a Technology (General)
650 _aScience
856 _uhttps://doaj.org/toc/2ce65512787f414c856d23bef739323a
942 _2ddc
942 _cDOAJEJ
999 _c73095
_d73095
945 _a1
_bMadushi Gamage
_c1
_dMadushi Gamage